000 00317nam a22001457a 4500
008 210311b ||||| |||| 00| 0 eng d
020 _a9780787976804
041 _aeng
080 _a658
082 _a658
100 _a55
101 _aLID
245 _aThe Prepared Mind of a Leader
_cWelter,B
942 _2udc
_cBK
999 _c56342
_d56342